000 00587nam a2200181Ia 4500
003 GCL
008 140319s9999 xx 000 0 ara d
040 _aGCL /
_cGCL
082 0 4 _a624.1
_bم د
100 1 _aمحمد سليمان تادفى
245 1 0 _aدليل المهندس الانشائى /
_cمحمد سليمان تادفى
300 _a476 ص
490 _aالهيئة العامة للاستعلامات
_v0
650 0 4 _aالهندسة
650 0 4 _aالهندسة الانشائية
650 0 4 _aالهندسة الانشائية - تصميمات
942 _2ddc
_cBK
999 _c49136
_d49136